| 000 | 00000nam##2200000za#4500 |
| 001 | 9.589543 |
| 003 | CaOODSP |
| 005 | 20210624195708 |
| 007 | cr ||||||||||| |
| 008 | 150406|1991||||xxc|||||o f|0| 0 eng|d |
| 040 | |aCaOODSP|beng |
| 041 | |aeng |
| 041 | |afre |
| 043 | |an-cn--- |
| 086 | 1 |aFs97-13/842-PDF |
| 110 | 1 |aCanada. |bDepartment of Fisheries and Oceans. |
| 245 | 10|aLandings of estuarine fishes in the Gulf of St. Lawrence 1917 – 1988 / |h[electronic resource]|cby C.H. Leblanc and G.J. Chaput. |
| 260 | |aMoncton - New Brunswick : |bFisheries and Oceans Canada |c1991. |
| 300 | |a111p.|bfigs., references, tables |
| 490 | 1 |aCanadian data report of fisheries and aquatic sciences|vNo. 842 |
| 500 | |aOn t.p.: Science Branch, Gulf Region, Moncton, N.B. Text in English and French in parallel columns. Catalogue number and ISSN of the print edition appear in the PDF version. |
| 590 | |a13-19-Supp|b2013-08-14 |
| 720 | 1 |aLeblanc, C. H. |
| 720 | 1 |aChaput, G. J. |
| 792 | |tDébarquements de poissons estuariens dans le Golfe du Saint-Laurent 1917 - 1988 / |efre|w(CaOODSP)9.589544 |
| 830 | #0|aCanadian data report of fisheries and aquatic sciences ;|vNo. 842|w(CaOODSP)9.500267 |
| 856 | 40|ahttp://publications.gc.ca|qPDF|s5121 KB|uhttps://publications.gc.ca/collections/collection_2013/mpo-dfo/Fs97-13-842.pdf|yNo. 842 |